| 000 | 00503nam a22002057a 4500 | ||
|---|---|---|---|
| 999 |
_c11760 _d11760 |
||
| 003 | OSt | ||
| 008 | 230127b ||||| |||| 00| 0 eng d | ||
| 020 | _a9788131731635 | ||
| 082 | _a658.8 JAB | ||
| 100 | _aANDERSON,James C | ||
| 245 | _aBusiness Market Management (B2B) | ||
| 250 | _a3rd Ed | ||
| 260 |
_aUP _bPearson _c2011 |
||
| 300 | _a470 | ||
| 650 | _aBusiness Market Management (B2B) | ||
| 700 | _aNARUS,James A | ||
| 700 | _aNARAYANDAS,Das | ||
| 700 | _aSENHADRI,DVR | ||
| 942 |
_2ddc _cREF |
||